Holiday Quiz

Random Holiday or War Quiz

Memorial Day: Paint a Memorial! Quiz Stats

 Plays Quiz Updated May 25, 2020

     
Support Sporcle.
Go Orange.
Score 0/10 Timer 05:00
0 Plays Today
% Correct
Monday
91.4%
Civil War, World War I, World War II,
Vietnam War, Korean War
91.3%
American Flag
82.8%
Labor Day
80.7%
Those who have
died while serving
78%
Arlington
76.3%
1868
69.6%
400,000
66.9%
1970s (1971)
64.1%
Decoration Day
30.1%

From the Vault

A Fifth of Television

by Hejman

There's a lot of TV potency packed into this one.
Remove Ads.
Support Sporcle.
Get the best of Sporcle when you Go Orange. This ad-free experience offers more features, more stats, and more fun while also helping to support Sporcle. Thank you for becoming a member.

Show Comments

Extras

Top Quizzes Today


Score Distribution

Your Account Isn't Verified!

In order to create a playlist on Sporcle, you need to verify the email address you used during registration. Go to your Sporcle Settings to finish the process.

Report this User

Report this user for behavior that violates our Community Guidelines.

Details: